Central Library OPAC University of Rajshahi

মুকাভিনয় শিল্পী ও শিল্পচিন্তা / (Record no. 39063)

MARC details
000 -LEADER
fixed length control field 00968nam a2200241 a 4500
001 - CONTROL NUMBER
control field 39063
003 - CONTROL NUMBER IDENTIFIER
rucl marc code BD-RjUL
005 - DATE AND TIME OF LATEST TRANSACTION
control field 20211209052917.0
008 - FIXED-LENGTH DATA ELEMENTS--GENERAL INFORMATION
fixed length control field 160404b2010 bg o|||e |||| 00| 0 ben d
020 ## - INTERNATIONAL STANDARD BOOK NUMBER
International Standard Book Number 9845550525
Terms of availability Tk.130.00
035 ## - SYSTEM CONTROL NUMBER
System control number (BD-RjUL) 39174
040 ## - CATALOGING SOURCE
Original cataloging agency BD-RjUL
Language of cataloging ben
Transcribing agency BD-RjUL
041 ## - LANGUAGE CODE
Language code of text/sound track or separate title ben
082 ## - DEWEY DECIMAL CLASSIFICATION NUMBER
Edition number 23
Classification number 792
Author mark and year JOM 2010
100 ## - MAIN ENTRY--PERSONAL NAME
Personal name জন,জিল্লুর রহমান।
9 (RLIN) 120568
245 ## - TITLE STATEMENT
Title মুকাভিনয় শিল্পী ও শিল্পচিন্তা /
Statement of responsibility, etc. জিল্লুর রহমান জন
260 ## - PUBLICATION, DISTRIBUTION, ETC. (IMPRINT)
Place of publication, distribution, etc. ঢাকা:
Name of publisher, distributor, etc. বাংলাদেশ শিল্পকলা একাডেমী,
Date of publication, distribution, etc. ২০১০
300 ## - PHYSICAL DESCRIPTION
Pagination ১৬৮ পৃ.
Illustrations চিত্র
Size ২২ সেমি.
504 ## - BIBLIOGRAPHY, ETC. NOTE
Bibliography, etc গ্রন্থপঞ্জি ও নির্ঘন্ট সংযুক্ত
650 ## - SUBJECT ADDED ENTRY--TOPICAL TERM
Topical term or geographic name as entry element বাংলা শিল্প
9 (RLIN) 120569
Topical term or geographic name as entry element Bengali Art
9 (RLIN) 120570
942 ## - ADDED ENTRY ELEMENTS (KOHA)
Source of classification or shelving scheme Dewey Decimal Classification
Koha item type Books
Holdings
Lost status Source of classification or shelving scheme Damaged status Not for loan Collection code Permanent Location Current Location Shelving location Date acquired Cost, normal purchase price Total Checkouts Full call number Date last seen Copy number Koha item type Date checked out
  Dewey Decimal Classification   Not For Loan Non-fiction Central Library, University of Rajshahi Central Library, University of Rajshahi Reading Room 24/06/2013 130.00   B 792 JOM 2010 04/04/2016 C-1 Books  
  Dewey Decimal Classification     Non-fiction Central Library, University of Rajshahi Central Library, University of Rajshahi   24/06/2013 130.00 1 B 792 JOM 2010 23/05/2019 C-2 Books 07/05/2019
  Dewey Decimal Classification     Non-fiction Central Library, University of Rajshahi Central Library, University of Rajshahi   24/06/2013 130.00   B 792 JOM 2010 04/04/2016 C-3 Books